000 00430nam a2200145Ia 4500
008 100122s9999 xx 000 0 und d
082 _b17190
_a823.08
100 _aक्षीरसागर पंडित
245 _aप्रतिज्ञा
260 _bदत्त प्रकाशन
_c1970
300 _a152
630 _aप्रतिज्ञा
730 _aप्रतिज्ञा
942 _cBOOK
999 _c406990
_d406987